1801 1262 1217 1706 1628 1844 1782 1265 1894 1509 1205 1700 1576 1322 1192 1001 1609 1946 1726 1639 1326 1463 1299 1991 1177 1046 1963 1493 1893 1476 1007 1077 1741 1442 1673 1822 1563 1106 1013 1055 1597 1573 1848 1096 1882 1825 1049 1504 1924 1258 1025 1596 1365 1451 1800 1568 1608 1955 1206 1195 1624 1977 1922 1464 1426 1442 1804 1040 1741 1547 1997 1938 1256 1059 1944 1551 1274 1240 1007 1040 1428 1886 1522 1400 1416 1804 1062 1017 1633 1782 1331 1143 1861 1801 1087 1301 1324 1747 1112 BCNSPRNW ULIB Ver.6.0+V

เปลี่ยนเป็นภาษาไทย

Change to English
 แสดงรายละเอียดบรรณานุกรม
  กลับหน้าหลัก

Brief Record : Get Marc (ISO 2709) : E-mail record : QR code < ปิดหน้าต่าง
LEADER : 00000nam 2200000uu 4500
001    13399114320
003     ULIB
008    120321s2552||||th 000 0 tha d
020    ^a9786160600748
090    ^aนว.^bก710N 2552
100 0  ^aกุ๊กกาโร่ว
245 00 ^aNew Life ไขเงื่อนงำความทรงจำซ่อนรัก/^cกุ๊กกาโร่ว
250    ^aพิมพ์ครั้งที่ 1
260    ^aกรุงเทพฯ :^bแจ่มใส,^c2552
300    ^a185 หน้า
710 1  ^aแจ่มใส
945    ^p139^l0^i16303
995    ^aกัณชพร
999    ^aใช้งานได้ทุกระบบ
รายการนี้ยังไม่มีแท็ก
คุณยังไม่ได้ล็อกอิน คุณสามารถมีกิจกรรมร่วมกับเว็บไซต์ได้ แต่ต้องล็อกอินก่อน ::
  ล็อกอิน

รายการสื่อสารสนเทศ

ลำดับที่ ประเภท เลขเรียก/บาร์โค้ด สถานที่ สถานะ
1. นวนิยาย
นวนิยาย
นว. ก710N 2552  
  Barcode: 16303
ห้องสมุดวิทยาเขตสวรรค์ประชารักษ์
►นวนิยาย
บนชั้น
  ขอยืม

BibComment


ยังไม่เคยถูกคอมเมนท์

คอมเมนท์ทรัพยากรรายการนี้
  คอมเมนท์: New Life ไขเงื่อ..


 Copyright 2026. Bcnsprnw @Library